000 00452nam a2200181Ia 4500
001 22726
005 20260414150850.0
008 260414t2012||||xx |||||||||||||| ||spa||
041 _aESP
082 _a621.386
_bC83
100 _aCoskun, Vedat
_eAUT
245 0 _aNear Field communication :
_bfrom theory to practice
260 _c2012
300 _axxviii, 361 páginas :
_c25 cm.
650 _aTCA
654 _aCET
942 _cLIB
_dJUS
_fJUS
_2ddc
_n
999 _c22726
_d22726